000 00616nam a22002057a 4500
003 OSt
005 20251024014130.0
008 251010b |||||||| |||| 00| 0 eng d
020 _a13:978-0-07-110601-6.
040 _aDWCL-Main lib
_cOC
082 _aCirc. 658.8 Et85m 2007
100 _aEtzel, Michael J.
245 _aMarketing
260 _aBoston :
_bMcGraw-Hill/Irwin,
_cc2007.
300 _axxii, 706 pages :
_bcolored illustration ;
_c27 cm.
504 _aIncludes bibliographical references and index.
650 _21. Marketing.
700 _aWalker, Bruce J.
942 _2ddc
_cBK-CIRC
_e14th ed.
_kCirc.
_n0
999 _c4802
_d4802